Chudoba je zlyhaním spoločnosti
Sociálne podnikanie ako forma riešenia chudoby a sociálnej exklúzie Rómov. Sociálna exklúzia - vylúčenie alebo vytlačenie určitej skupiny na okraj spoločnosti na základe rôznych faktorov. Individuálna a skupinová chudoba. Možným riešením rómskej otázky je sociálna inklúzia. Možnosti zvyšovania zames...
Guardado en:
| Autor principal: | |
|---|---|
| Otros Autores: | |
| Formato: | Capítulo de libro |
| Lenguaje: | eslovaco |
| Materias: | |
| Etiquetas: |
Sin Etiquetas, Sea el primero en etiquetar este registro!
|
MARC
| LEADER | 00000naa$a2200000$$$4500 | ||
|---|---|---|---|
| 001 | 0038124 | ||
| 005 | 20231016085015.8 | ||
| 041 | 0 | |a slo | |
| 044 | |a SK | ||
| 245 | 1 | 0 | |a Chudoba je zlyhaním spoločnosti |c Martina Kubišová, Jana Štrangfeldová |
| 520 | |a Sociálne podnikanie ako forma riešenia chudoby a sociálnej exklúzie Rómov. Sociálna exklúzia - vylúčenie alebo vytlačenie určitej skupiny na okraj spoločnosti na základe rôznych faktorov. Individuálna a skupinová chudoba. Možným riešením rómskej otázky je sociálna inklúzia. Možnosti zvyšovania zamestnanosti Rómov. | ||
| 610 | 2 | 0 | |a chudoba |
| 610 | 2 | 0 | |a chudobní |
| 610 | 2 | 0 | |a Rómovia |
| 610 | 2 | 0 | |a úroveň životná |
| 610 | 2 | 0 | |a nezamestnanosť |
| 610 | 2 | 0 | |a spoločnosť |
| 100 | 1 | |a Kubišová, Martina | |
| 700 | 1 | |a Štrangfeldová, Jana | |